000 01437nam0a2200361 4500
001 RU\NLR\BIBL_A\012242507
005 20200625105140.0
010 _a978-5-17-110026-1
_93000
021 _aRU
_bКН-П-20-003993
_9КН-П-20-0298
035 _a(NLR Aleph) 012242507
035 _a(RuMoRGB)010239301
090 _a11038322
_c11038322
100 _a20200311d2020 u y0rusy50 ca
101 0 _arus
_aspa
102 _aRU
105 _ay|||j|||000zy
181 0 _ai
_baxxe
182 0 _an
200 1 _aИнтенсивный курс испанского языка для начинающих
_e[учебное пособие]
_fР.А. Гонсалес, Р.Р. Алимова
203 _aТекст
_bвизуальный
_cнепосредственный
210 _aМосква
_cLingua
_cАСТ
_d2020
215 _a445, [1] с.
_cтабл.
_d22
225 1 _aИностранный за 100 дней
333 _a12+
606 1 _aИспанский язык
_jУчебные издания для самообразования
_2nlr_sh2
_3RU\NLR\AUTH\66491709
686 1 _aШ147.21-93рус8
700 1 _aГонсалес
_bР. А.
_gРоза Альфонсовна
_3RU\NLR\AUTH\7720637
701 1 _aАлимова
_bР. Р.
_gРушания Рашитовна
942 _cBOOK
980 _aNBR
980 _aNB